Central Library OPAC University of Rajshahi

Bankers' advances / (Record no. 3302)

MARC details
000 -LEADER
fixed length control field 00761cam a2200265 4500
001 - CONTROL NUMBER
control field 3302
003 - CONTROL NUMBER IDENTIFIER
rucl marc code BD-RjUL
005 - DATE AND TIME OF LATEST TRANSACTION
control field 20211208233716.0
008 - FIXED-LENGTH DATA ELEMENTS--GENERAL INFORMATION
fixed length control field 131218s1969 pk b 001 0 eng d
035 ## - SYSTEM CONTROL NUMBER
System control number (BD-RjUL)3336
040 ## - CATALOGING SOURCE
Original cataloging agency DLC
Transcribing agency DLC
Modifying agency DLC
-- (BD-RjUL)
Language of cataloging eng
041 ## - LANGUAGE CODE
Language code of text/sound track or separate title eng
082 04 - DEWEY DECIMAL CLASSIFICATION NUMBER
Classification number 332.1
Author mark and year SIB
100 1# - MAIN ENTRY--PERSONAL NAME
Personal name Siddiqui, A. G.
9 (RLIN) 10408
245 10 - TITLE STATEMENT
Title Bankers' advances /
Statement of responsibility, etc. by A. G. Siddiqui. With a foreword by B. Z. Kaikaus.
250 ## - EDITION STATEMENT
Edition statement [1st ed.]
260 ## - PUBLICATION, DISTRIBUTION, ETC. (IMPRINT)
Place of publication, distribution, etc. Karachi,
Name of publisher, distributor, etc. Rauf Publications
Date of publication, distribution, etc. [1969]
300 ## - PHYSICAL DESCRIPTION
Pagination [15], 378 p. ;
Size 26 cm.
350 ## - PRICE (NR) (BK AM CF MU VM SE) [OBSOLETE]
Price 15.00
504 ## - BIBLIOGRAPHY, ETC. NOTE
Bibliography, etc Bibliography: p. [6] (1st group)
650 #0 - SUBJECT ADDED ENTRY--TOPICAL TERM
Topical term or geographic name as entry element Credit
General subdivision Law and legislation
Geographic subdivision Pakistan.
9 (RLIN) 10409
942 ## - ADDED ENTRY ELEMENTS (KOHA)
Source of classification or shelving scheme Dewey Decimal Classification
Koha item type Books
Holdings
Lost status Source of classification or shelving scheme Damaged status Not for loan Collection code Permanent Location Current Location Shelving location Date acquired Source of acquisition Cost, normal purchase price Total Checkouts Full call number Date last seen Copy number Koha item type
  Dewey Decimal Classification     Non-fiction Central Library, University of Rajshahi Central Library, University of Rajshahi   13/06/1970 Royal Book Com. 15.00   332.1 SIB 1969 18/12/2013 C-5 Books
  Dewey Decimal Classification     Non-fiction Central Library, University of Rajshahi Central Library, University of Rajshahi   30/10/1970 R.U. V.C     332.1 SIB 1969 25/07/2016 C-2 Books
  Dewey Decimal Classification     Non-fiction Central Library, University of Rajshahi Central Library, University of Rajshahi   13/06/1970 Royal book co. 15.00   332.1 SIB 1969 25/07/2016 C-3 Books
  Dewey Decimal Classification     Non-fiction Central Library, University of Rajshahi Central Library, University of Rajshahi   30/10/1970 V.C.R.U.     332.1 SIB 1969 19/09/2016 C-4 Books